[Event "Tournoi Skype 013B"]
[Site "Skype"]
[Date "????.??.??"]
[Round "3.4"]
[White "Milanese, Serge"]
[Black "Duthoit, Bernard"]
[Result "0-1"]
[WhiteElo "1396"]
[BlackElo "1428"]
[PlyCount "94"]

1. e4 e6 2. Nf3 d5 3. c3 dxe4 4. Nd4 Bc5 5. Qg4 Bxd4 6. Qxe4 Bf6 7. d4 Ne7 8.
Be3 O-O 9. Bd3 Ng6 10. Bc2 Qd5 11. O-O Qxe4 12. Bxe4 Nd7 13. Nd2 c6 14. Nb3 e5
15. d5 cxd5 16. Bxd5 Nb6 17. Rad1 Nxd5 18. Rxd5 Be6 19. Rd2 b6 20. Nc1 Rfd8 21.
Rfd1 Rxd2 22. Rxd2 Rd8 23. Rxd8+ Bxd8 24. b3 h6 25. h3 Bg5 26. c4 Bxe3 27. fxe3
Ne7 28. e4 Nc6 29. Kf2 Nb4 30. a3 Nc2 31. a4 Nd4 32. a5 bxa5 33. c5 Kf8 34. g4
Ke8 35. Kg3 Kd7 36. Kh4 g6 37. Nd3 f6 38. Kg3 Nxb3 39. h4 a4 40. g5 hxg5 41.
hxg5 a3 42. Nb4 a5 43. c6+ Ke8 44. Na6 fxg5 45. Nc7+ Ke7 46. Nb5 a2 47. c7 a1=Q
0-1

[Event "Tournoi Skype 013B"]
[Site "Skype"]
[Date "????.??.??"]
[Round "3.5"]
[White "De Coninck, Philippe"]
[Black "Raheja, Shiv"]
[Result "1-0"]
[WhiteElo "1419"]
[BlackElo "1395"]
[PlyCount "41"]

1. e4 e5 2. f4 exf4 3. Nf3 Bc5 4. Bc4 d6 5. d4 Bb4+ 6. Bd2 Bxd2+ 7. Qxd2 Qf6 8.
O-O Qg6 9. Nh4 Qg5 10. Rxf4 Qe7 11. Nc3 g5 12. Rxf7 Qd8 13. Nf5 Bxf5 14. Rxf5
Nh6 15. Rxg5 Qf6 16. Rf1 Qe7 17. Nd5 Qd8 18. Qf4 Rf8 19. Qxf8+ Kd7 20. Nf6+
Qxf6 21. Rxf6 1-0

[Event "Tournoi Skype 013B"]
[Site "Skype"]
[Date "????.??.??"]
[Round "3.6"]
[White "Yardimci, Ertan"]
[Black "Hargez, Dany"]
[Result "1-0"]
[WhiteElo "1300"]
[BlackElo "1418"]
[PlyCount "95"]

1. e4 d5 2. exd5 Qxd5 3. Nc3 Qa5 4. Nf3 Bg4 5. Be2 Bxf3 6. Bxf3 c6 7. O-O e5 8.
d3 Bb4 9. Bd2 Bxc3 10. Bxc3 Qc7 11. Re1 Nd7 12. d4 Ne7 13. dxe5 O-O-O 14. Qd6
Nf5 15. Qxc7+ Kxc7 16. Bg4 g6 17. Rad1 Rhe8 18. g3 Re6 19. Bxf5 gxf5 20. f4 h5
21. h4 b6 22. Re3 Rde8 23. Red3 R8e7 24. b4 c5 25. bxc5 Nxc5 26. Rd5 Ne4 27.
Be1 f6 28. exf6 Nxf6 29. Re5 Ne4 30. Rxf5 Nf6 31. Bb4 Re8 32. Kf1 Ne4 33. Rf7+
Kc6 34. Be1 Rg6 35. Kg2 Nd6 36. Rxa7 Re2+ 37. Kf3 Rge6 38. Bf2 Nc4 39. Rh7 Nd2+
40. Kg2 Ne4 41. Rf1 Rg6 42. Kf3 Rxc2 43. Kxe4 Re6+ 44. Kf5 Rd6 45. Rxh5 Rxa2
46. Kg4 Rdd2 47. Rc1+ Kb7 48. Be3 1-0

[Event "Tournoi Skype 013B"]
[Site "Skype"]
[Date "????.??.??"]
[Round "3.7"]
[White "Ali, Mohammad"]
[Black "Cossalter, Maurizio"]
[Result "1-0"]
[WhiteElo "1399"]
[BlackElo "1382"]
[PlyCount "29"]

1. e4 c5 2. Nf3 Nc6 3. d4 cxd4 4. Nxd4 e5 5. Nb3 Nf6 6. Nc3 Bb4 7. Bd3 Bxc3+ 8.
bxc3 O-O 9. O-O d6 10. Bg5 Be6 11. f4 exf4 12. Rxf4 Kh8 13. Bxf6 gxf6 14. Qh5
Ne5 15. Rh4 1-0

[Event "Tournoi Skype 013B"]
[Site "Skype"]
[Date "????.??.??"]
[Round "3.8"]
[White "Khatanhar, Mohit"]
[Black "Gerbaux, Regis"]
[Result "1/2-1/2"]
[WhiteElo "1392"]
[BlackElo "1421"]
[PlyCount "72"]

1. e4 c5 2. c4 d6 3. d3 Nc6 4. Be3 e5 5. Nf3 Nf6 6. Be2 Be7 7. h3 O-O 8. Nbd2
Re8 9. Nh2 a6 10. O-O b5 11. b3 Rb8 12. f4 bxc4 13. bxc4 Qb6 14. Rb1 Qa5 15.
Rxb8 Nxb8 16. a4 Bd7 17. f5 Bxa4 18. Qe1 Nc6 19. Qg3 g6 20. Bh6 Bf8 21. Bg5 Bg7
22. Bxf6 Qxd2 23. Bh5 Ne7 24. Bxg7 Kxg7 25. f6+ Kh8 26. fxe7 Rxe7 27. Nf3 Qe3+
28. Kh1 gxh5 29. Qh4 f6 30. Qxf6+ Rg7 31. Qxd6 Qf4 32. Rb1 h6 33. Nxe5 Be8 34.
Rb8 Qc1+ 35. Kh2 Qf4+ 36. Kg1 Qc1+ 1/2-1/2

[Event "Tournoi Skype 013B"]
[Site "Skype"]
[Date "????.??.??"]
[Round "3.9"]
[White "Steenkamp, Brandt"]
[Black "Bilsel, Sebahittin"]
[Result "1-0"]
[WhiteElo "1332"]
[BlackElo "1150"]
[PlyCount "41"]

1. e4 e5 2. f4 Nc6 3. d3 Bc5 4. fxe5 Nxe5 5. g3 d5 6. d4 dxe4 7. dxc5 Qxd1+ 8.
Kxd1 Bg4+ 9. Ke1 Nf6 10. Bf4 Nf3+ 11. Nxf3 Bxf3 12. Rg1 O-O-O 13. Nd2 Rhe8 14.
Bb5 c6 15. Bc4 Bh5 16. h3 e3 17. Nf1 Re4 18. Bd3 Rd5 19. Bxe4 Nxe4 20. g4 Bg6
21. Nxe3 1-0

[Event "Tournoi Skype 013B"]
[Site "Skype"]
[Date "????.??.??"]
[Round "3.10"]
[White "Battaglia, Gabriele"]
[Black "Ryan, Lea"]
[Result "0-1"]
[WhiteElo "1246"]
[BlackElo "1438"]
[PlyCount "76"]

1. d4 d5 2. Nf3 Nf6 3. e3 Bf5 4. Bd3 Bxd3 5. Qxd3 h6 6. O-O e6 7. c3 Nc6 8.
Nbd2 Bd6 9. Re1 O-O 10. e4 dxe4 11. Nxe4 Re8 12. Nxd6 cxd6 13. b4 a6 14. a4 Qc7
15. h3 Rac8 16. Bb2 d5 17. b5 Ne7 18. Ne5 Ne4 19. Rac1 Nf5 20. Re2 f6 21. Nf3
Qf7 22. g4 Qg6 23. Kh2 Nfd6 24. Rg1 Kf7 25. Nd2 Rh8 26. Nxe4 Nxe4 27. f3 Ng5
28. Qxg6+ Kxg6 29. f4 Nf3+ 30. Kg2 Nxg1 31. Kxg1 h5 32. Rxe6 hxg4 33. hxg4 Rh4
34. f5+ Kg5 35. Bc1+ Kxg4 36. Bd2 Rch8 37. Re1 Rh1+ 38. Kg2 R8h2# 0-1

[Event "Tournoi Skype 013B"]
[Site "Skype"]
[Date "????.??.??"]
[Round "3.11"]
[White "Kruzeniski, Randy"]
[Black "Prasad, Sanjay"]
[Result "1-0"]
[WhiteElo "1437"]
[BlackElo "1312"]
[PlyCount "83"]

1. e4 e5 2. Nf3 d6 3. g3 Bd7 4. Bg2 Nf6 5. h3 h6 6. d3 Be7 7. c3 c5 8. O-O Nc6
9. a3 Be6 10. b4 cxb4 11. axb4 a6 12. Be3 O-O 13. Nbd2 d5 14. Qc2 dxe4 15. Nxe4
Nd5 16. Bc5 b6 17. Bxe7 Qxe7 18. Rab1 b5 19. Nc5 a5 20. Nxe6 Qxe6 21. bxa5 Rxa5
22. Ra1 Rfa8 23. Rxa5 Rxa5 24. Nd2 Ra3 25. Ne4 b4 26. Nc5 Rxc3 27. Qxc3 bxc3
28. Nxe6 fxe6 29. Rc1 Ncb4 30. Be4 Kf7 31. Kf1 Ke7 32. Ke2 Kd6 33. Kd1 c2+ 34.
Kd2 Kc5 35. Ra1 Kd4 36. Ra4 Kc5 37. Ra5+ Kd4 38. Ra4 Kc5 39. Ra7 g5 40. Rh7 Nc3
41. Rc7+ Nc6 42. Rxc6+ 1-0

[Event "Tournoi Skype 013B"]
[Site "Skype"]
[Date "????.??.??"]
[Round "3.13"]
[White "Douichi, Mohammed"]
[Black "Picard, Mario"]
[Result "0-1"]
[WhiteElo "1399"]
[BlackElo "1309"]
[PlyCount "54"]

1. e4 e5 2. Nc3 Nf6 3. Nf3 Nc6 4. Bc4 d6 5. Ng5 d5 6. exd5 Nxd5 7. d3 h6 8. Nf3
Nxc3 9. bxc3 Be6 10. d4 exd4 11. Qe2 Qf6 12. Qe4 Rd8 13. O-O Bd6 14. cxd4 Ne7
15. Ne5 O-O 16. c3 b6 17. d5 Bxe5 18. dxe6 fxe6 19. Bb2 Rd2 20. Qe3 Rxb2 21. f3
Qg6 22. Rf2 Rxf2 23. Kxf2 Bxh2 24. Rh1 Qg3+ 25. Ke2 Qxg2+ 26. Kd3 Rd8+ 27. Ke4
Qg6# 0-1

[Event "Tournoi Skype 013B"]
[Site "Skype"]
[Date "????.??.??"]
[Round "3.14"]
[White "Mantelli, Luca"]
[Black "Vervoort, Jean-Louis"]
[Result "1-0"]
[WhiteElo "1399"]
[BlackElo "1262"]
[PlyCount "85"]

1. e4 e5 2. Nf3 Nc6 3. Bc4 Nf6 4. d3 Be7 5. c3 O-O 6. Nbd2 d6 7. Bb3 Bg4 8. Nf1
Qd7 9. h3 Bh5 10. Ng3 Bg6 11. d4 Rad8 12. O-O Nh5 13. Ne2 Bxe4 14. Ng3 Nxg3 15.
fxg3 h6 16. Re1 Bxf3 17. Qxf3 exd4 18. cxd4 Nxd4 19. Qxb7 Nxb3 20. axb3 Ra8 21.
Rxa7 Rab8 22. Qxc7 Qxc7 23. Rxc7 Bd8 24. Rd7 Rxb3 25. Rxd6 Rxg3 26. Red1 Bc7
27. Rd7 Bb6+ 28. Kh2 Bf2 29. Rf1 Rc8 30. Bf4 Rb3 31. Rxf2 g5 32. Be5 Re8 33.
Rf5 Rxb2 34. Rdxf7 Re2 35. Rg7+ Kh8 36. Bd4 R2e4 37. Re7+ Kg8 38. Rxe8+ Rxe8
39. Rf6 Kh7 40. Rf7+ Kg6 41. Rg7+ Kh5 42. g4+ Kh4 43. Bf2# 1-0

[Event "Tournoi Skype 013B"]
[Site "Skype"]
[Date "????.??.??"]
[Round "3.15"]
[White "Farthouat, Titoine"]
[Black "Mazzei, Lucrezia"]
[Result "1-0"]
[WhiteElo "1211"]
[BlackElo "1399"]
[PlyCount "65"]

1. d4 d6 2. d5 Nf6 3. Nc3 g6 4. Bg5 Nfd7 5. e4 Bg7 6. Bb5 c6 7. dxc6 bxc6 8.
Bxc6 Nxc6 9. Qd5 Qc7 10. Nf3 O-O 11. O-O Rb8 12. Qd2 Rxb2 13. Bh6 Nce5 14. Nd4
Ba6 15. Rfb1 Rxb1+ 16. Rxb1 Bb7 17. Bxg7 Kxg7 18. Ncb5 Qd8 19. Nxa7 Bxe4 20. f3
Bd5 21. Ne2 Qa8 22. Qd4 Qc8 23. Nxc8 Rxc8 24. Qxd5 Rxc2 25. Nd4 Nc5 26. f4 Ng4
27. Nxc2 Ne3 28. Nxe3 Nd7 29. f5 Nf6 30. Qd4 e5 31. fxe6 Kh8 32. Qxf6+ Kg8 33.
Rb8# 1-0

[Event "Tournoi Skype 013B"]
[Site "Skype"]
[Date "????.??.??"]
[Round "3.16"]
[White "Vitale, Maxi"]
[Black "Alverson, Ginny"]
[Result "1-0"]
[WhiteElo "1399"]
[BlackElo "1222"]
[PlyCount "67"]

1. e4 c5 2. Bc4 e6 3. Nf3 Nc6 4. O-O Nf6 5. Nc3 Be7 6. d3 O-O 7. h3 d6 8. Bg5
Nd4 9. Nxd4 cxd4 10. Ne2 h6 11. Bf4 e5 12. Bg3 Bd7 13. c3 dxc3 14. Nxc3 Qc7 15.
f3 Qc5+ 16. Kh1 Qd4 17. Rc1 Rac8 18. Rc2 d5 19. exd5 Bf5 20. Nb5 Qe3 21. Bf2
Qg5 22. Nxa7 Rcd8 23. Qc1 Qxc1 24. Rfxc1 e4 25. dxe4 Nxe4 26. fxe4 Bxe4 27. Rd2
Bg5 28. Rcd1 Bxd2 29. Rxd2 Rfe8 30. Bb5 Re5 31. Bc4 Rg5 32. Bb6 Rd6 33. Bc5
Bxg2+ 34. Rxg2 1-0

[Event "Tournoi Skype 013B"]
[Site "Skype"]
[Date "????.??.??"]
[Round "3.17"]
[White "Capdeville, Jean"]
[Black "Ruiz Gomez, Luz Alba"]
[Result "1-0"]
[WhiteElo "1384"]
[BlackElo "1193"]
[PlyCount "93"]

1. e4 e5 2. Nf3 Nc6 3. Bc4 Be7 4. d3 Nf6 5. h3 O-O 6. O-O d6 7. Nc3 a6 8. a3 b5
9. Bd5 Bb7 10. b4 Rb8 11. Bb2 Nd4 12. Bxb7 Rxb7 13. Nxd4 exd4 14. Ne2 c5 15. c3
dxc3 16. Bxc3 Rc7 17. Rc1 d5 18. e5 d4 19. Bb2 Nd5 20. Qd2 Nb6 21. Ng3 Qd7 22.
Rfe1 Re8 23. Ne4 cxb4 24. axb4 h6 25. Nc5 Bg5 26. f4 Qc8 27. fxg5 Rd8 28. e6
Nd5 29. Bxd4 Ne7 30. gxh6 Rxd4 31. exf7+ Kxf7 32. Qf2+ Nf5 33. h7 Rh4 34. Re5
Kg6 35. Rce1 Rf7 36. Re8 Kxh7 37. Rxc8 Nd6 38. Qxh4+ Kg6 39. Rh8 Nf5 40. Re6+
Rf6 41. Rxf6+ gxf6 42. Qg4+ Kf7 43. Qxf5 a5 44. bxa5 b4 45. Rh7+ Ke8 46. Qxf6
b3 47. Qh8# 1-0

[Event "Tournoi Skype 013B"]
[Site "Skype"]
[Date "????.??.??"]
[Round "3.18"]
[White "Martin, Jean-Claude"]
[Black "Paquay, Renaud"]
[Result "1-0"]
[WhiteElo "1375"]
[BlackElo "1177"]
[PlyCount "51"]

1. d4 d5 2. c4 dxc4 3. Nc3 Bf5 4. e4 Bg6 5. Nf3 e6 6. Bxc4 Nf6 7. e5 Nfd7 8.
O-O Be7 9. Bd3 Bh5 10. Be4 c6 11. Qd3 f5 12. exf6 Nxf6 13. Ng5 Nxe4 14. Nxe6
Nc5 15. Nxg7+ Kf7 16. Qf5+ Kxg7 17. Qxh5 h6 18. dxc5 Bxc5 19. Be3 Bd4 20. Rad1
c5 21. Bxd4+ cxd4 22. Qe5+ Kh7 23. Rxd4 Nd7 24. Qf5+ Kg8 25. Rxd7 Qf8 26. Qg6+
1-0

[Event "Tournoi Skype 013B"]
[Site "Skype"]
[Date "????.??.??"]
[Round "3.19"]
[White "Amato, Ludovica"]
[Black "Rugman, Dan"]
[Result "1-0"]
[WhiteElo "1199"]
[BlackElo "1367"]
[PlyCount "47"]

1. Nf3 Nf6 2. g3 g6 3. Bg2 Bg7 4. O-O O-O 5. d3 Nc6 6. e4 d5 7. exd5 Nxd5 8.
Re1 Bg4 9. Nbd2 Nd4 10. Rb1 c5 11. Re4 Qb6 12. Rxg4 Nc3 13. Qe1 Nde2+ 14. Kf1
Nxb1 15. Nxb1 Bxb2 16. Bg5 Bf6 17. Be3 Qb2 18. Qxe2 Qxb1+ 19. Ne1 b6 20. Bxa8
Rxa8 21. Kg2 e6 22. Rf4 Qb2 23. Qf3 Kg7 24. Qxa8 1-0

[Event "Tournoi Skype 013B"]
[Site "Skype"]
[Date "????.??.??"]
[Round "3.20"]
[White "Coruble, Didier"]
[Black "Armingaud, Jean-Claude"]
[Result "1-0"]
[WhiteElo "1355"]
[BlackElo "1150"]
[PlyCount "35"]

1. e4 e5 2. d4 d6 3. dxe5 dxe5 4. Qxd8+ Kxd8 5. Bg5+ f6 6. Bh4 g5 7. Bg3 Bc5 8.
Nd2 Bg4 9. f3 Bd7 10. O-O-O Nc6 11. Ne2 Nb4 12. Kb1 Be3 13. Nc4 b5 14. Nxe3 Rb8
15. Nc3 c6 16. a4 bxa4 17. Nxa4 Ne7 18. Nc5 1-0

[Event "Tournoi Skype 013B"]
[Site "Skype"]
[Date "????.??.??"]
[Round "3.21"]
[White "Lecluyse, Koenraad"]
[Black "Sauvaget, Joel"]
[Result "0-1"]
[WhiteElo "1173"]
[BlackElo "1344"]
[PlyCount "46"]

1. d4 d5 2. Nf3 Bg4 3. e3 Nf6 4. Bd3 Nc6 5. c3 e5 6. Be2 e4 7. Nfd2 Bd7 8. O-O
Bd6 9. f3 O-O 10. b3 h6 11. c4 Re8 12. fxe4 Nxe4 13. Nxe4 dxe4 14. d5 Ne7 15.
Bb2 Ng6 16. Qd4 Re5 17. Bh5 Qg5 18. Bxg6 Qxg6 19. Qd1 Rg5 20. g3 Bxg3 21. hxg3
Rxg3+ 22. Kf2 Rg2+ 23. Ke1 Qg3+ 0-1

[Event "Tournoi Skype 013B"]
[Site "Skype"]
[Date "????.??.??"]
[Round "3.22"]
[White "Vincent, Andre"]
[Black "Lemoine, Gerard"]
[Result "1-0"]
[WhiteElo "1343"]
[BlackElo "1077"]
[PlyCount "73"]

1. d4 d5 2. c4 c6 3. Nc3 e6 4. a3 Nf6 5. Nf3 Bd6 6. e3 Ne4 7. Nxe4 dxe4 8. Nd2
Qc7 9. g3 c5 10. Nxe4 Qc6 11. Qd3 f5 12. Nxd6+ Qxd6 13. Bg2 cxd4 14. Qxd4 Qxd4
15. exd4 O-O 16. Bf4 Nd7 17. O-O a5 18. Rfe1 Ra6 19. Re2 Nb6 20. b3 Rd8 21. Rd1
Nd7 22. Bg5 Re8 23. Bf4 Ra7 24. Rde1 Nf8 25. d5 b6 26. d6 Bb7 27. Bxb7 Rxb7 28.
Rd2 b5 29. c5 Ng6 30. c6 Rb6 31. d7 Rbb8 32. Bxb8 Rf8 33. d8=Q Kf7 34. Rd7+ Kg8
35. Bd6 Rxd8 36. Rxd8+ Nf8 37. Rxf8# 1-0

[Event "Tournoi Skype 013B"]
[Site "Skype"]
[Date "????.??.??"]
[Round "3.23"]
[White "Pedneault, Anne-Frederique"]
[Black "Porcabeuf, Jean-Marc"]
[Result "0-1"]
[WhiteElo "1038"]
[BlackElo "1332"]
[PlyCount "48"]

1. c4 e6 2. g3 Nf6 3. Nc3 Bc5 4. e3 O-O 5. Bg2 Nc6 6. Nf3 d6 7. d4 Bb4 8. a3
Bxc3+ 9. bxc3 d5 10. c5 h6 11. O-O Re8 12. Ne5 Nxe5 13. dxe5 Nd7 14. f4 Nxc5
15. Rb1 f6 16. Qh5 Rf8 17. f5 exf5 18. Rf4 fxe5 19. Rh4 Rf6 20. e4 f4 21. gxf4
exf4 22. Bxf4 Nxe4 23. Bxh6 Rxh6 24. Qg4 Bxg4 0-1

[Event "Tournoi Skype 013B"]
[Site "Skype"]
[Date "????.??.??"]
[Round "3.24"]
[White "Talbot, Jean"]
[Black "Gharbi, Said"]
[Result "0-1"]
[WhiteElo "1009"]
[BlackElo "1322"]
[PlyCount "38"]

1. e4 e5 2. Nf3 Nf6 3. Nxe5 Bd6 4. d3 Bxe5 5. f4 Bd4 6. c3 Bb6 7. e5 Nd5 8. Na3
Ne3 9. d4 Nxd1 10. Kxd1 d6 11. Bb5+ c6 12. Bc4 dxe5 13. fxe5 O-O 14. Rf1 Be6
15. Bd3 c5 16. Rf4 cxd4 17. cxd4 Bxd4 18. Nc2 Bxe5 19. Re4 Qxd3+ 0-1

[Event "Tournoi Skype 013B"]
[Site "Skype"]
[Date "????.??.??"]
[Round "3.25"]
[White "Gieschen, Mike"]
[Black "Martin, Elise"]
[Result "1-0"]
[WhiteElo "1466"]
[BlackElo "1206"]
[PlyCount "58"]

1. Nf3 d5 2. d4 e6 3. c4 Nf6 4. Nc3 Bb4 5. Bd2 c5 6. a3 Ba5 7. dxc5 Na6 8. b4
Bc7 9. Bg5 O-O 10. cxd5 exd5 11. Nxd5 Bb8 12. Nxf6+ Kh8 13. Qxd8 Rxd8 14. Ne4
Rd5 15. e3 Nc7 16. Bc4 Rf5 17. Nd6 a5 18. Nxc8 axb4 19. Nd6 Rxc5 20. Bxf7 Ba7
21. axb4 Rc3 22. O-O Rf8 23. Rxa7 Rxf7 24. Nxf7+ Kg8 25. Nd6 h6 26. Bxh6 gxh6
27. Rxb7 Nd5 28. Ra1 Nf6 29. Ra8+ Ne8 1-0

[Event "Tournoi Skype 013B"]
[Site "Skype"]
[Date "????.??.??"]
[Round "3.26"]
[White "Lequeux, Pierre"]
[Black "Kayali, Furkan"]
[Result "0-1"]
[WhiteElo "1232"]
[BlackElo "1399"]
[PlyCount "76"]

1. e4 e5 2. Nf3 Nf6 3. Bc4 Bc5 4. O-O O-O 5. Re1 Nc6 6. Nc3 d6 7. h3 h6 8. a3
Re8 9. d3 Be6 10. Bb5 Qd7 11. b4 Bb6 12. Bb2 a6 13. Ba4 a5 14. b5 Na7 15. Nh2
c6 16. g3 cxb5 17. Bb3 Bxb3 18. cxb3 b4 19. axb4 axb4 20. Nd5 Nxd5 21. exd5 Bc5
22. d4 exd4 23. Bxd4 Bxd4 24. Rxe8+ Qxe8 25. Qxd4 Qb5 26. Rxa7 Rxa7 27. Qxa7
Qxd5 28. Qb8+ Kh7 29. Ng4 Qd1+ 30. Kg2 Qd5+ 31. Kh2 g6 32. Ne3 Qxb3 33. Qxb7
Kg7 34. Nd5 Qb2 35. Kg2 b3 36. Nb4 Qd2 37. Qb5 b2 38. Na2 Qc2 0-1

[Event "Tournoi Skype 013B"]
[Site "Skype"]
[Date "????.??.??"]
[Round "3.27"]
[White "Wible, Annie"]
[Black "Bustos, Ricardo"]
[Result "0-1"]
[WhiteElo "1199"]
[BlackElo "1399"]
[PlyCount "60"]

1. e4 c5 2. c4 d6 3. Nf3 Nc6 4. Nc3 Nf6 5. Bd3 a6 6. O-O e5 7. Qe2 Be7 8. Nd5
O-O 9. Nxe7+ Qxe7 10. a3 a5 11. b4 axb4 12. axb4 Rxa1 13. Ba3 Rxa3 14. b5 Nd4
15. Nxd4 exd4 16. g3 b6 17. Qe1 Bb7 18. f3 Rxd3 19. g4 Ra3 20. g5 Nd7 21. Qc1
Rfa8 22. Kh1 Ra1 23. Qb2 Rxf1+ 24. Kg2 Rfa1 25. Qc2 Qxg5+ 26. Kf2 Qg1+ 27. Ke2
Qxh2+ 28. Kd3 R8a2 29. Qc3 dxc3 30. dxc3 Qd2# 0-1

[Event "Tournoi Skype 013B"]
[Site "Skype"]
[Date "????.??.??"]
[Round "3.28"]
[White "Yeter, Orhan"]
[Black "Rival, Jocelyn"]
[Result "1-0"]
[WhiteElo "1343"]
[BlackElo "1071"]
[PlyCount "45"]

1. d4 d5 2. c4 e6 3. Nc3 Nf6 4. e3 Bb4 5. Qc2 Nbd7 6. Bd3 c5 7. Nf3 O-O 8. O-O
Qe7 9. a3 Ba5 10. Bd2 Bc7 11. Nb5 Bb8 12. b4 a6 13. Nc3 Qd6 14. bxc5 Qc7 15.
cxd5 exd5 16. Rfe1 Re8 17. e4 b6 18. exd5 bxc5 19. Rxe8+ Nxe8 20. Re1 Ndf6 21.
Ne4 Qe7 22. Nxf6+ Qxf6 23. Rxe8# 1-0

[Event "Tournoi Skype 013B"]
[Site "Skype"]
[Date "????.??.??"]
[Round "3.29"]
[White "Ouellet, Emile"]
[Black "Farthouat, Catherine"]
[Result "1-0"]
[WhiteElo "1314"]
[BlackElo "1018"]
[PlyCount "73"]

1. e4 e5 2. Nf3 Nc6 3. Bc4 Nf6 4. Nc3 Bb4 5. Nd5 O-O 6. Nxb4 Nxb4 7. Nxe5 d6 8.
Nxf7 Bg4 9. Ne5+ d5 10. Nxg4 dxc4 11. O-O Re8 12. f3 c3 13. bxc3 Nxg4 14. fxg4
Rxe4 15. Qf3 Qe8 16. cxb4 Re2 17. Bb2 Qe7 18. Rae1 Rxe1 19. Rxe1 Qxe1+ 20. Qf1
Re8 21. Qxe1 Rxe1+ 22. Kf2 Re5 23. Bxe5 Kf7 24. Bxc7 Ke7 25. Be5 g6 26. b5 Ke6
27. Bd4 b6 28. Kf3 h5 29. gxh5 gxh5 30. h4 Kf5 31. Bf2 Ke5 32. d4+ Kd5 33. g4
hxg4+ 34. Kxg4 a5 35. bxa6 Ke4 36. a7 Kd5 37. a8=Q+ 1-0

[Event "Tournoi Skype 013B"]
[Site "Skype"]
[Date "????.??.??"]
[Round "3.30"]
[White "Vello, Pablo"]
[Black "Gagnon, Sindy"]
[Result "1-0"]
[WhiteElo "1279"]
[BlackElo "1000"]
[PlyCount "35"]

1. d4 e6 2. c4 Nf6 3. Bg5 Be7 4. Nf3 O-O 5. Nc3 Re8 6. d5 exd5 7. cxd5 b6 8. e3
Bb7 9. Bc4 c6 10. d6 Bxd6 11. Qxd6 b5 12. Bd3 Qa5 13. Bxf6 gxf6 14. Qg3+ Kf8
15. Bxh7 Re6 16. Nh4 Ke7 17. Nf5+ Ke8 18. Qg8# 1-0

[Event "Tournoi Skype 013B"]
[Site "Skype"]
[Date "????.??.??"]
[Round "3.31"]
[White "Baker, Abi"]
[Black "Melin, Christiane"]
[Result "1/2-1/2"]
[WhiteElo "1118"]
[BlackElo "1236"]
[PlyCount "69"]

1. c4 e5 2. Nc3 Nf6 3. d3 Nc6 4. g3 Bb4 5. Bg2 O-O 6. e4 d6 7. h3 b5 8. Nge2
Ba6 9. O-O Bxc3 10. Nxc3 bxc4 11. Qa4 Bb7 12. Qxc4 a5 13. f4 Nb4 14. Bd2 exf4
15. Rxf4 Nh5 16. Rg4 Bc8 17. Rg5 g6 18. e5 Be6 19. Qh4 h6 20. Rxh5 gxh5 21.
Bxh6 Qxh4 22. gxh4 Rac8 23. Bxf8 Rxf8 24. exd6 cxd6 25. Bf3 Nxd3 26. b3 Bxh3
27. Bxh5 f5 28. Bg6 Rf6 29. h5 Nf4 30. Re1 d5 31. Re8+ Kg7 32. Re7+ Kg8 33.
Re8+ Kg7 34. Re7+ Kg8 35. Re8+ 1/2-1/2

[Event "Tournoi Skype 013B"]
[Site "Skype"]
[Date "????.??.??"]
[Round "3.32"]
[White "Coude, Josue"]
[Black "Kruk, Clementine"]
[Result "1-0"]
[WhiteElo "1066"]
[BlackElo "1199"]
[PlyCount "59"]

1. e4 e5 2. Nf3 Nc6 3. Bc4 Nf6 4. Nc3 Bc5 5. d3 h6 6. Be3 d6 7. O-O Bg4 8. h3
Bh5 9. g4 Bg6 10. Nd5 Na5 11. Bb5+ c6 12. Nxf6+ gxf6 13. Ba4 d5 14. Bxc5 b6 15.
Be3 b5 16. Bb3 dxe4 17. dxe4 Qxd1 18. Rfxd1 Bxe4 19. Nh2 Nxb3 20. cxb3 Bc2 21.
Rd2 Be4 22. Rad1 Ke7 23. f3 Bd5 24. Rc1 Ke6 25. Nf1 Bxf3 26. Ng3 h5 27. Nxh5 f5
28. Ng7+ Kf6 29. Nxf5 Rxh3 30. Rd6# 1-0

[Event "Tournoi Skype 013B"]
[Site "Skype"]
[Date "????.??.??"]
[Round "3.33"]
[White "Letourneau, Judith"]
[Black "Mouannis, Nezha"]
[Result "1-0"]
[WhiteElo "1000"]
[BlackElo "1199"]
[PlyCount "81"]

1. e4 e5 2. Nf3 Nc6 3. Bb5 Nf6 4. Nc3 Bb4 5. a3 Ba5 6. O-O O-O 7. d3 d6 8. Be3
h6 9. h4 Bg4 10. b4 a6 11. Ba4 Bxf3 12. Qxf3 Bb6 13. Rae1 d5 14. Qg4 Nxg4 15.
f3 Nxe3 16. Nxd5 Nxd5+ 17. Kh2 Qf6 18. g3 Nf4 19. Re3 Bxe3 20. Re1 Bf2 21. Rf1
Bxg3+ 22. Kg1 Nh3+ 23. Kh1 Qxf3+ 24. Rxf3 Bxh4 25. Rxh3 Bf2 26. Kh2 Nd4 27. c3
Ne2 28. Bd1 Nxc3 29. Be2 Nxe2 30. a4 Bg1+ 31. Kg2 Be3 32. Rxe3 Nc3 33. a5 Nd5
34. Rf3 Rae8 35. exd5 c6 36. d6 Rd8 37. d4 e4 38. Re3 Rfe8 39. b5 cxb5 40. d5
Re6 41. dxe6 1-0

[Event "Tournoi Skype 013B"]
[Site "Skype"]
[Date "????.??.??"]
[Round "4.1"]
[White "Duthoit, Bernard"]
[Black "Hernandez, George"]
[Result "1-0"]
[WhiteElo "1428"]
[BlackElo "1399"]
[PlyCount "109"]

1. e4 c5 2. Nf3 d6 3. d4 cxd4 4. Nxd4 Nf6 5. Nc3 e6 6. Bd3 Be7 7. O-O O-O 8.
Be3 Qc7 9. Nf3 Nbd7 10. Re1 a6 11. Bd2 b5 12. a3 Bb7 13. Bf4 b4 14. axb4 Rac8
15. e5 dxe5 16. Nxe5 Nxe5 17. Bxe5 Qc6 18. Ne4 Bxb4 19. c3 Bc5 20. Nxf6+ Kh8
21. Be4 Bxf2+ 22. Kxf2 Qb6+ 23. Bd4 Qxb2+ 24. Kg1 Bxe4 25. Rxe4 Rxc3 26. Bxc3
Qxc3 27. Rc1 Qxf6 28. Rec4 g6 29. Qa4 Rd8 30. Qxa6 Rd2 31. Rc8+ Kg7 32. Qf1
Qd4+ 33. Kh1 Rf2 34. Qd1 Rd2 35. Qb3 Qg4 36. Qc3+ Rd4 37. Rc4 e5 38. Rxd4 exd4
39. Qd3 h5 40. Rd1 Kh6 41. Qxd4 Qxd4 42. Rxd4 f6 43. g3 g5 44. h3 Kg6 45. g4
hxg4 46. hxg4 Kh6 47. Kg2 Kg6 48. Kf3 Kh6 49. Ra4 Kg6 50. Ra5 Kh6 51. Ke4 Kg6
52. Rb5 Kh6 53. Kf5 Kg7 54. Rb6 Kf7 55. Rxf6+ 1-0

[Event "Tournoi Skype 013B"]
[Site "Skype"]
[Date "????.??.??"]
[Round "4.2"]
[White "Karia, Kirti"]
[Black "De Coninck, Philippe"]
[Result "0-1"]
[WhiteElo "1399"]
[BlackElo "1419"]
[PlyCount "44"]

1. e4 e5 2. Nf3 Nf6 3. d4 Nxe4 4. dxe5 Bc5 5. Be3 Bxe3 6. fxe3 Nc6 7. Qd5 Ng5
8. Bc4 Nxf3+ 9. gxf3 O-O 10. Rg1 Nb4 11. Qd2 Qh4+ 12. Kf1 Qxc4+ 13. Kg2 Qxc2
14. Qf2 Qxf2+ 15. Kxf2 Nc2 16. Nc3 Nxa1 17. Rxa1 c6 18. f4 d5 19. Rg1 Be6 20.
Rg5 h6 21. Rh5 f6 22. f5 fxe5 0-1

[Event "Tournoi Skype 013B"]
[Site "Skype"]
[Date "????.??.??"]
[Round "4.3"]
[White "Yardimci, Ertan"]
[Black "Ali, Mohammad"]
[Result "1-0"]
[WhiteElo "1300"]
[BlackElo "1399"]
[PlyCount "77"]

1. e4 e5 2. Bc4 Nc6 3. a3 Nf6 4. d3 Bc5 5. Nc3 d6 6. Na4 Bb6 7. Nxb6 cxb6 8. f4
b5 9. Bxb5 Qa5+ 10. c3 Qxb5 11. Qc2 exf4 12. Bxf4 Qh5 13. Nf3 Bg4 14. O-O O-O
15. Bxd6 Rfd8 16. Bg3 Bxf3 17. Rxf3 Ne5 18. Rf5 Qg6 19. Bxe5 Ng4 20. Bf4 h6 21.
h3 Nf6 22. d4 Rac8 23. Qe2 Re8 24. Be5 Nd7 25. Qf3 f6 26. Bh2 Rc6 27. Re1 Rce6
28. Rf4 b6 29. Rg4 Qf7 30. Qf5 Nf8 31. e5 Ng6 32. Qxg6 Qxg6 33. Rxg6 Kf7 34.
Rg4 Rf8 35. d5 Ree8 36. e6+ Kg8 37. Bd6 h5 38. Rd4 Rf7 39. exf7+ 1-0

[Event "Tournoi Skype 013B"]
[Site "Skype"]
[Date "????.??.??"]
[Round "4.4"]
[White "Steenkamp, Brandt"]
[Black "Perrone, Gabriel Lorenzo"]
[Result "1-0"]
[WhiteElo "1332"]
[BlackElo "1399"]
[PlyCount "59"]

1. e4 e5 2. Nf3 Nf6 3. Nxe5 d6 4. Nf3 Nxe4 5. d4 Be7 6. Bd3 Nf6 7. h3 h6 8. O-O
O-O 9. Re1 Nbd7 10. Nh4 c5 11. Nf5 Re8 12. Re3 Nh7 13. Qe2 Kf8 14. Nxe7 Rxe7
15. Bxh7 Nf6 16. Rxe7 Qxe7 17. Qxe7+ Kxe7 18. Bd3 b6 19. Na3 Bb7 20. Bf4 a6 21.
Re1+ Kd7 22. Nc4 Re8 23. Nxb6+ Kc6 24. Rxe8 Nxe8 25. dxc5 dxc5 26. Nc4 Kd5 27.
Na5 Bc8 28. Bc4+ Kd4 29. f3 f6 30. c3# 1-0